00794nam a22001817a 450000500170000001000150001702000260003203500140005803700090007208200110008110000220009224500740011425000060018826000570019427000890025130000260034050002460036620241128110207.0 aENG-142699 c735.00a9789361598623 aEN-126231 bDBAD a00026 aSinha, Nishit K.  aVerbal Ability and Reading Comprehension for CAT/cBy Nishit K. Sinha a6 aUttar PradeshbPearson India Education Pvt Ltdc2025 bUttar Pradesha1st FLoor, Berger Tower, Plot No. C-001A/2, Sector-16B, Noidae201301 avpp.c25cm(pb)bIndex a Useful for MBA Entrance Examinations like SNAP, XAT, IIFT | Includes So... Verbal Ability and Reading Comprehension for CAT | Useful for MBA Entrance Examinations like SNAP, XAT, IIFT | Includes Solutions and Explanations of CAT 2023 Paper: